[Event "MCR mladeze, Kouty 2018 - H16"]
[Site "Kouty nad Desnou"]
[Date "2018.03.17"]
[Round "9"]
[White "Riha, Vojtech"]
[Black "Bulockin, Martin"]
[Result "0-1"]
[WhiteElo "2097"]
[BlackElo "2099"]
[EventDate "2018.03.10"]

1. e4 c5 2. b4 cxb4 3. a3 b3 4. c4 e5 5. Bb2 Nc6 6. Nf3 Nf6 7. Nc3 Bc5 8. Bd3 d6
9. h3 Na5 10. O-O O-O 11. Kh1 Be6 12. Nd5 Rb8 13. Rc1 Nd7 14. Be2 Nb6 15. d4 exd4
16. Nxb6 Bxb6 17. Nxd4 Nc6 18. Nb5 Qh4 19. Qxb3 Qxe4 20. Bd3 Qh4 21. Qc3 Qh6 22.
f4 a6 23. f5 Bd7 24. f6 axb5 25. fxg7 Rfe8 26. Rf6 Qh4 27. Rxf7 Bd4 28. Bxh7+
Qxh7 29. Qf3 Ne5 30. Rf8+ Rxf8 31. gxf8=Q+ Rxf8 32. Qg3+ Qg7 33. Qxg7+ Kxg7 34.
Bxd4 bxc4 35. Rxc4 Bc6 36. Rc3 Rf4 37. Rg3+ Kf7 38. Bc3 Ke6 39. Kh2 d5 40. Rg5 d4
41. Be1 Re4 42. Bb4 d3 43. Bc3 Re2 44. Rg8 d2 45. Bxd2 Rxd2 46. Rg7 Rxg2+ 47.
Rxg2 Bxg2 48. Kxg2 Nc4 49. a4 Nb2 50. Kf3 Nxa4 51. Ke4 Nc5+ 52. Kd4 Nd7 53. Kc4
Kf5 54. Kd5 Ke5+ 0-1

[Event "Mistrovstvi CR junioru a dorostencu 2018"]
[Site "Kouty nad Desnou"]
[Date "2018.03.17"]
[Round "11"]
[White "Rastocny, Josef"]
[Black "Havelka, Josef"]
[Result "0-1"]
[WhiteElo "2098"]
[BlackElo "2333"]
[EventDate "2018.03.09"]

1. d4  d5  2. c4  c6
3. Nf3  Nf6  4. Bg5
dxc4  5. a4  Ne4
6. Bf4  e6  7. Qc2
Bb4+  8. Nbd2  Nxd2
9. Bxd2  Bxd2+  10. Qxd2
b5  11. e3  O-O
12. b3  cxb3  13. axb5  cxb5
14. Bxb5  Qb6  15. Bc4
a5  16. O-O  a4
17. Ra3  Bb7  18. Rfa1  Nc6
19. Bd3  Nb4  20. Ne5
Rfc8  21. Bb1  b2
0-1

[Event "Mistrovstvi CR junioru a dorostencu 2018"]
[Site "Kouty nad Desnou"]
[Date "2018.03.17"]
[Round "11"]
[White "Husek, Martin"]
[Black "Kozusek, Daniel"]
[Result "1/2-1/2"]
[WhiteElo "2203"]
[BlackElo "2250"]
[EventDate "2018.03.09"]

1. e4  e6  2. d4  d5
3. Nd2  Be7  4. e5
c5  5. c3  Nc6
6. Bd3  Bd7  7. Ne2  f6
8. Nf4  Nh6  9. exf6
Bxf6  10. Qh5+  Kf8
11. Qe2  cxd4  12. O-O
Qe8  13. Nf3  g5
14. Nh3  e5  15. Nfxg5
Kg7  16. Qf3  Ng4
17. Qxd5  h6  18. Ne4
Ne7  19. Nxf6  Nxd5
20. Nxe8+  Rhxe8  21. cxd4
Nb4  22. Rd1  exd4
23. Bf4  Rad8  24. Bd6
Nc6  25. Nf4  Bc8
26. Nh5+  Kf7  27. Bc7
Rd7  28. Bf4  Nge5
29. Ng3  Nxd3  30. Rxd3
Rde7  31. f3  Kg6
32. Kf2  Be6  33. b3
a5  34. Rc1  a4
35. h4  axb3  36. axb3  Ra8
37. h5+  Kh7  38. Bd6
Ra2+  39. Kg1  Rd7
40. Bf4  Rb2  41. Ne4
Rf7  42. Nc5  Bd5
43. Rd2  Rxd2  44. Bxd2
Ne5  45. Re1  Rf5
46. f4  Ng4  47. Re7+
Rf7  48. Rxf7+  Bxf7
49. b4  Nf6  50. Kf2
b6  51. Na4  b5
52. Nc5  Bxh5  53. Ne6  Ne4+
54. Ke1  d3  55. Nc5
Nd6  56. Nxd3  Bg6
57. Ne5  Be4  58. g4
h5  59. gxh5  Kh6
60. Ng4+  Kxh5  61. Nf6+
Kg6  62. Nxe4  Nxe4
63. Ke2  Kf5  64. Bc1
Nc3+  65. Kd3  Nd5
66. Bd2  Nxb4+  67. Bxb4
Kxf4  68. Kd4  Kf5
69. Kc5  Ke4  70. Kxb5
1/2-1/2

[Event "MCR mladeze, Kouty 2018 - D10"]
[Site "Kouty nad Desnou"]
[Date "2018.03.17"]
[Round "9"]
[White "Hetfleischova, Elen"]
[Black "Dobsa, Emma"]
[Result "1-0"]
[WhiteElo "1250"]
[BlackElo "1195"]
[EventDate "2018.03.10"]

1. d4  d5  2. c4  c6
3. Nc3  dxc4  4. e4
b5  5. a3  Nf6
6. Nf3  Bg4  7. Be3  e6
8. Be2  Be7  9. O-O
O-O  10. Qc2  Nbd7
11. Rad1  Qc7  12. Rfe1
e5  13. d5  Bd6
14. dxc6  Qxc6  15. Nxb5  Qxb5
16. Rxd6  Bxf3  17. gxf3
Nb6  18. Rdd1  Rac8
19. Kh1  Na4  20. Rg1
Qxb2  21. Qxb2  Nxb2
22. Rdf1  a6  23. Bh6
Ne8  24. f4  exf4
25. Bxf4  Kh8  26. Bg4
Rc5  27. Be3  Rb5
28. Rb1  Nf6  29. Bf3
c3  30. Bd4  Rc8
31. Rbc1  c2  32. Be2
Ra5  33. Bxb2  Nxe4
34. Bxg7+  Kg8  35. Bc3+
Rg5  36. Rxg5+  Nxg5
37. Bb2  Ne4  38. Kg2
Nd2  39. Bd3  Nb3
40. Rxc2  Rxc2  41. Bxc2
Nc5  42. Kf3  Ne6
43. Kg4  h6  44. Kh5 1-0